000 01064nam a2200217Ii 4500
003 JO-AjNU
008 230605s9999||||xx |||||||||||||| ||und||
020 _a9953-420-52-1
040 _aJO-AjNU
_bara
_erda
_cJO-AjNU
041 _aara
050 1 4 _aDS38.14.I27 2011
100 3 _aتأليف ابن الاثير،عز الدين ابي الحسن علي بن ابي الكرم محمد بن محمد ابن عبدالكريم بن عبدالواحد الشيباني؛ تحقيق خليل مامون شيحا,
_eauthor
_960470
245 0 0 _aالكامل في التاريخ: (351-422)هجرية،ج7
250 _aالطبعة الثالثة
264 3 1 _aبيروت: دار المعرفة للطباعة والنشر والتوزيع، 2011
300 _aج7: 464ص
_b ويحتوي على فهرس من 445ص- 464ص
336 _atext
_btxt
_2rdacontent
337 _aunmediated
_bn
_2rdamedia
338 _avolume
_bnc
_2rdacarrier
650 4 _a العرب -تاريخ- الخلفاء الراشدون-العباسيون-الامويين-تاريخ
_960471
999 _aA27269
_c30837
_d30837